Destrukce /

Hlavní autor: Biler, Stanislav, 1982-
Jazyk: Čeština
Vydáno: Brno : Druhé město, 2021
Vydání: Vydání první
Témata:
Fyzický popis: 278 stran ; 20 cm
Knihy
Uloženo v:
LEADER 01328nam a2200385 i 4500
001 nkc20213365203
003 CZ PrNK
005 20220113103809.0
007 ta
008 211006s2021 xr g 000 f cze
015 |a cnb003365203 
020 |a 978-80-7227-869-5  |q (vázáno) 
035 |a (OCoLC)1288052812 
035 |a (OCoLC)1291386415 
040 |a OLA001  |b cze  |e rda 
072 7 |a 821.162.3-3  |x Česká próza  |2 Konspekt  |9 25 
080 |a 821.162.3-31  |2 MRF 
080 |a (0:82-31)  |2 MRF 
100 1 |a Biler, Stanislav,  |d 1982-  |7 mzk2015855552  |4 aut 
245 1 0 |a Destrukce /  |c Stanislav Biler 
250 |a Vydání první 
264 1 |a Brno :  |b Druhé město,  |c 2021 
300 |a 278 stran ;  |c 20 cm 
336 |a text  |b txt  |2 rdacontent 
337 |a bez média  |b n  |2 rdamedia 
338 |a svazek  |b nc  |2 rdacarrier 
655 7 |a české romány  |7 fd133974  |2 czenas 
655 9 |a Czech fiction  |2 eczenas 
910 2 |a BOA001  |b 1-1472.634 
990 |a BK 
995 |a 01 
991 |b 202110  |c NOV 
996 6 |b 2610882341  |c 1-1472.634  |l MZK  |r Sklad / do 1 hodiny  |n 6  |p p.v.  |w 001866309  |u 000010  |a 1  |e BOA001  |j MZK50  |s P 
996 7 |b 2610882342  |c 1-1472.634  |l MZK  |r Sklad / do 1 hodiny  |n 24  |p p.v.  |w 001866309  |u 000020  |a 1  |e BOA001  |j MZK50  |s A 
996 3 |b 2610891120  |c 1-1472.634  |l MZK  |r CLC  |n 0  |p kup ; Praha  |w 001866309  |u 000030  |a 1  |e BOA001  |j MZK50  |s N